Geographical Features from 'T' - Statistics

General Stats
  • This quiz has been taken 38 times
  • The average score is 6 of 16
Answer Stats
Picture Hint Answer % Correct
National Park Tai
82%
Mexican City Tijuana
76%
Island Tahiti
71%
Country Turkmenistan
68%
Mountain Table
65%
Lake Tahoe
65%
National Capital Taipei
65%
River Tiber
53%
Lake Tanganyika
15%
Desert Thar
12%
Glacier Tasman
6%
Volcano Tambora
3%
Beach Tamarama
0%
Valley Ten Thousand Smokes
0%
Fjord Trollfjord
0%
Waterfall Trummelbach
0%
No matching quizzes found
Score Distribution
Percent of People with Each Score
Percentile by Number Answered
Your Score History
You have not taken this quiz